Real Estate Council of Ontario (Record no. 120277)

MARC details
000 -LEADER
fixed length control field 01122cam a2200229 4500
001 - CONTROL NUMBER
control field WS122025
008 - FIXED-LENGTH DATA ELEMENTS--GENERAL INFORMATION
fixed length control field 030416n 000 0 eng u
035 ## - SYSTEM CONTROL NUMBER
System control number (Sirsi) u122025
110 ## - MAIN ENTRY--CORPORATE NAME
Corporate name or jurisdiction name as entry element Real Estate Council of Ontario
9 (RLIN) 4444
245 ## - TITLE STATEMENT
Title Real Estate Council of Ontario
520 ## - SUMMARY, ETC.
Summary, etc. Web site for this organisation which administers the Real Estate and Business Brokers Act on behalf of the Ontario Ministry of Consumer and Business Services. It administers the regulatory requirements of the real estate industry in Ontario and protect consumers and its members. Includes links to its bylaws and code of ethics, the ability to search for a member and consumer pages on how to buy a house.
650 ## - SUBJECT ADDED ENTRY--TOPICAL TERM
Topical term or geographic name entry element CANADA
650 ## - SUBJECT ADDED ENTRY--TOPICAL TERM
Topical term or geographic name entry element INTERNATIONAL
650 ## - SUBJECT ADDED ENTRY--TOPICAL TERM
Topical term or geographic name entry element ORGANISATION
650 ## - SUBJECT ADDED ENTRY--TOPICAL TERM
Topical term or geographic name entry element BYLAWS
650 ## - SUBJECT ADDED ENTRY--TOPICAL TERM
Topical term or geographic name entry element CODE OF ETHICS
650 ## - SUBJECT ADDED ENTRY--TOPICAL TERM
Topical term or geographic name entry element REAL ESTATE AND BUSINESS BROKERS ACT
650 ## - SUBJECT ADDED ENTRY--TOPICAL TERM
Topical term or geographic name entry element PROPERTY-RESIDENTIAL PROPERTY-ACQUISITION AND DISPOSAL OF RESIDENTIAL PROPERTY
690 ## - LOCAL SUBJECT ADDED ENTRY--TOPICAL TERM (OCLC, RLIN)
Topical term or geographic name as entry element PROPERTY AND LAND LAW-AGENCY
856 40 - ELECTRONIC LOCATION AND ACCESS
Uniform Resource Identifier <a href="https://www.reco.on.ca">https://www.reco.on.ca</a>
Public note View the website free of charge at www.reco.on.ca...
942 ## - ADDED ENTRY ELEMENTS (KOHA)
Suppress in OPAC 0
Holdings
Withdrawn status Lost status Source of classification or shelving scheme Damaged status Not for loan Home library Current library Shelving location Date acquired Total Checkouts Full call number Barcode Date last seen Copy number Price effective from Koha item type
    Dewey Decimal Classification     Virtual Virtual Online 16/04/2003   WEB SITE 122025-1001 06/08/2019 1 06/08/2019 Online material